1980s Movies by IMDb Description - Statistics

General Stats
  • This quiz has been taken 239 times
    53 since last reset
  • The average score is 12 of 20
Answer Stats
Year Description Movie % Correct
1985 Marty McFly, a 17-year-old high school student, is accidentally sent 30 years into the past in a time-traveling DeLorean invented by his close friend, the maverick scientist Doc Brown. Back to the Future
98%
1980 After the Empire overpowers the Rebel Alliance, Luke Skywalker begins his Jedi training with Yoda. At the same time, Darth Vader and bounty hunter Boba Fett pursue his friends across the galaxy. Star Wars: Episode V - The Empire Strikes Back
84%
1980 A family heads to an isolated hotel for the winter, where a sinister presence influences the father into violence. At the same time, his psychic son sees horrifying forebodings from both the past and the future. The Shining
84%
1986 Decades after surviving the Nostromo incident, Ellen Ripley is sent out to re-establish contact with a terraforming colony but finds herself battling the Alien Queen and her offspring. Aliens
78%
1981 In 1936, archaeologists and adventurers of the U.S. government hired Indiana Jones to find the Ark of the Covenant before the Nazis could obtain its extraordinary powers. Indiana Jones and the Raiders of the Lost Ark
78%
1983 After rescuing Han Solo from Jabba the Hutt, the Rebel Alliance attempts to destroy the second Death Star while Luke struggles to help Darth Vader back from the dark side. Star Wars: Episode VI - Return of the Jedi
78%
1984 The life, success and troubles of Wolfgang Amadeus Mozart, as told by Antonio Salieri, the contemporaneous composer who was deeply jealous of Mozart's talent and claimed to have murdered him. Amadeus
76%
1988 A New York City police officer tries to save his estranged wife and several others taken hostage by terrorists during a Christmas party at the Nakatomi Plaza in Los Angeles. Die Hard
71%
1989 In 1938, after his father goes missing while pursuing the Holy Grail, Indiana Jones finds himself up against the Nazis again to stop them from obtaining its powers. Indiana Jones and the Last Crusade
71%
1983 Miami in the 1980s: a determined criminal-minded Cuban immigrant becomes the biggest drug smuggler in Florida, and is eventually undone by his own drug addiction. Scarface
69%
1980 A Victorian surgeon rescues a heavily disfigured man who is mistreated while scraping a living as a side-show freak. Behind his monstrous façade, there is revealed a person of kindness, intelligence and sophistication. The Elephant Man
67%
1980 The life of boxer Jake LaMotta, whose violence and temper that led him to the top in the ring destroyed his life outside of it. Raging Bull
60%
1987 A pragmatic U.S. Marine observes the dehumanizing effects the Vietnam War has on his fellow recruits from their brutal boot camp training to the bloody street fighting in Hue. Full Metal Jacket
58%
1982 A research team in Antarctica is hunted by a shape-shifting alien that assumes the appearance of its victims. The Thing
58%
1988 Salvatore, a famous film director, returns to his hometown for the funeral of the local theater's film projectionist, Alfredo. He reminisces about his life as a young boy falling in love with cinema. Cinema Paradiso
53%
1981 A German U-boat stalks the frigid waters of the North Atlantic as its young crew experience the sheer terror and claustrophobic life of a submariner in World War II. Das Boot
51%
1988 A young boy and his little sister struggle to survive in Japan during World War II. Grave of the Fireflies
33%
1984 A former Prohibition-era Jewish gangster returns to the Lower East Side of Manhattan 35 years later, where he must once again confront the ghosts and regrets of his old life. Once Upon a Time in America
24%
1985 After finding an old rifle, a young boy joins the Soviet resistance movement against ruthless German forces and experiences the horrors of World War II. Come and See
20%
1985 In Medieval Japan, an elderly warlord retires, handing over his empire to his three sons. However, he vastly underestimates how the new-found power will corrupt them and cause them to turn on each other...and him. Ran
16%
No matching quizzes found
Score Distribution
Percent of People with Each Score
Percentile by Number Answered
Your Score History
You have not taken this quiz since the last reset